Länder mit K - Statistiken

Allgemein
  • Dieses Quiz wurde 124 mal gespielt
  • Das Durchschnittsergebnis liegt bei 14 aus 19
Antwortstatistiken
Land % Korrekt
Kasachstan
89%
Kanada
86%
Kenia
86%
Kolumbien
86%
Demokratische Republik Kongo
85%
Republik Kongo
85%
Kroatien
81%
Kamerun
79%
Kambodscha
78%
Kiribati
71%
Kap Verde
70%
Komoren
69%
Kirgistan
68%
Kosovo
67%
Kuwait
64%
Kuba
63%
Katar
58%
Nordkorea
36%
Südkorea
36%
Keine übereinstimmenden Quizze gefunden
Verteilung der Resultate
Anzahl Personen mit jedem Resultat
Perzentil nach korrekt beantworteten Fragen
Ihre Resultats-Entwicklung
Sie haben dieses Quiz noch nicht gespielt